Soils under Hevea in India: Physical, chemical and mineralogical investigations (Record no. 51641)

MARC details
000 -LEADER
fixed length control field 00680nam a2200241Ia 4500
100 ## - MAIN ENTRY--AUTHOR NAME
Personal name Krishnakumar A.K.
245 #0 - TITLE STATEMENT
Title Soils under Hevea in India: Physical, chemical and mineralogical investigations
260 ## - PUBLICATION, DISTRIBUTION, ETC. (IMPRINT)
Name of publisher Indian Journal of Natural Rubber Research
Year of publication 2003
300 ## - PHYSICAL DESCRIPTION
Number of Pages 20-Jan
650 ## - SUBJECT ADDED ENTRY--TOPICAL TERM
Topical Term Available nutrient
650 ## - SUBJECT ADDED ENTRY--TOPICAL TERM
Topical Term Clay mineralogy
650 ## - SUBJECT ADDED ENTRY--TOPICAL TERM
Topical Term Fertilizer recommendation
650 ## - SUBJECT ADDED ENTRY--TOPICAL TERM
Topical Term Nutrition
650 ## - SUBJECT ADDED ENTRY--TOPICAL TERM
Topical Term Soil analysis
700 ## - ADDED ENTRY--PERSONAL NAME
Personal name Augusthy A.
700 ## - ADDED ENTRY--PERSONAL NAME
Personal name Datta B.
700 ## - ADDED ENTRY--PERSONAL NAME
Personal name Karthikakuttyamma M.
700 ## - ADDED ENTRY--PERSONAL NAME
Personal name Mary C.P.
700 ## - ADDED ENTRY--PERSONAL NAME
Personal name Potty S.N.
700 ## - ADDED ENTRY--PERSONAL NAME
Personal name Thomas M.J.
942 ## - ADDED ENTRY ELEMENTS (KOHA)
Koha item type Bibliography STAF
Holdings
Withdrawn status Lost status Damaged status Not for loan Home library Current library Date acquired Serial Enumeration / chronology Koha item type
      Bibliography RRII Library RRII Library 09/04/2014 Volume 16, Issue 1&2 Bibliography STAF